Un paese di temporali e di primule /

Guardat en:
Dades bibliogràfiques
Autor principal: Pasolini, Pier Paolo (Autor)
Altres autors: Naldini, Nico (Autor d'introducció, etc.)
Format: Llibre
Idioma:italià
Publicat: Milano : Guanda, 2019
Col·lecció:Tascabili Guanda. Narrativa
Etiquetes: Afegir etiqueta
Sense etiquetes, Sigues el primer a etiquetar aquest registre!

MARC

LEADER 00000nam a22000007i 4500
001 IT\ICCU\RT1\0111048
003 ItRI
005 20260115232053.0
008 190918s2019 it |||||| ||||| |||||c
020 |a 9788823521469 
040 |b ita  |c importazione bologna sebina 
041 7 |a ita  |2 ISO-639-2 
100 1 |a Pasolini, Pier Paolo  |0 IT\ICCU\CFIV\001068  |4 aut 
240 1 3 |a Un paese di temporali e di primule  |3 IT\ICCU\VIA\0393889  |9 Pasolini, Pier Paolo 
245 1 3 |a Un paese di temporali e di primule /  |c Pier Paolo Pasolini ; a cura di Nico Naldini. 
260 |a Milano :  |b Guanda,  |c 2019 
300 |a 329 p. ;  |c 20 cm 
700 1 |a Naldini, Nico  |0 IT\ICCU\CFIV\022524  |4 aui 
790 1 |a Naldini, Domenico,  |d  (1929-2020)  |3 IT\ICCU\AUFV\001378  |z Naldini, Nico 
830 0 |a Tascabili Guanda. Narrativa  |0 IT\ICCU\ARE\0000319 
942 |2 ddc  |c BK  |n 0 
952 |0 0  |1 0  |4 0  |6 DOC_858_914000000000000_PAS  |7 0  |9 19519  |a BO  |b BO  |d 2026-01-15  |i 19394  |l 0  |o DOC 858.914 PAS  |p BO19394  |r 2026-01-15 23:20:53  |w 2026-01-15  |x [Sebina 5] [1 v.]  |y BK  |z 1 v. 
999 |c 16625  |d 16625